000 03040ngm a2200493 4500
003 dpl
005 20081120111436.0
007 DVD
008 ||||||sp199 xxu|||||c ||| 00| 0 ng d
010 _aDVD-001237-1239 & DVD-004536-4541
024 _aSHE DVD 119
_c169.00
035 _aDVD-001237-1239
035 _aDVD-004536-4541
040 _aDPL
_cDPL
082 _aDVD / DIL
245 _aDil
_cMaruti International Presents
_h[videorecording] DVD/
260 _bShemaroo Video Pvt. Ltd.
300 _a1 videodisc DVD; (173 min.) :
_bsd., col. ;
_c4 3/4 in.
_fDVD
440 _aShemaroo Home Entertainment
500 _aDigitally Re-Mastered From the Original Film
500 _aInteractive Menus of Songs and Scenes for Easy Access
500 _aFilmfare Award Winner Best Actress: Madhuri Dixit
538 _aDolby Digital 5.1 - Hindi Subtitles: English
650 _aMotion Picture
700 _aIndira Kumar
700 _aThakeria, Ashok
700 _aAnand Miland
700 _aAmir Khan
700 _aDixit, Madhuri
700 _aKher, Anupam
700 _aJaffery, Saeed
942 _cCF
_2ddc
_hDVD
_mDIL
999 _c18835
_d18835